000 00892cam a22002655i 4500
999 _c28130
_d28101
001 19691535
003 EG-ScBUE
005 20200217151649.0
008 170606s2018 enka f b 001 0 eng d
020 _a9781138911079
040 _aDLC
_beng
_erda
_cDLC
_dEG-ScBUE
082 0 4 _a729
_bINT
_222
245 0 4 _aThe interior architecture theory reader /
_cedited by Gregory Marinic.
264 1 _aAbingdon, Oxon :
_aNew York :
_bRoutledge / Taylor & Francis Group,
_c2018.
300 _axxviii, 448 pages :
_billustrations ;
_c25 cm
336 _atext
_btxt
_2rdacontent
337 _aunmediated
_bn
_2rdamedia
338 _avolume
_bnc
_2rdacarrier
504 _aIncludes bibliographical references and index.
650 7 _aInterior architecture
_xPhilosophy.
_2BUEsh
653 _bENGARC
_cFebruary2020
700 1 _aMarinic, Gregory,
_eeditor.
942 _2ddc
_cBB